000 00657nam a2200253Ia 4500
003 OSt
005 20221006144914.0
006 a|||||r|||| 00| 0
007 ta
008 221006b |||||||| |||| 00| 0 eng d
020 _a0300035780
_c396.00
024 _a13,139
037 _cTextual
040 _aEASL
_cEASL
_beng
041 _2eng
_aeng
082 _aV41:71.B, M6
100 _aCHANG K C Ed.
_9293941
245 0 _aStudies of Shang archaeology
260 _aNew Havan
_b Yale University
_c1986
300 _a325p.
_ccm.
490 _v CEL
942 _hV41:71.B, M6
_cTEXL
_2CC
999 _c1081225
_d1081225